00572 2200229 4500001002100000005001500021035002000036007000300056008004100059100002400100245003400124250001100158300003500169020001800204082001000222084001600232260004200248650001000290990001400300990001400314990001400328INLIS00000000001037420251216104600 a0010-0825000048ta250915 g 0 ind 0 aTendi Krishna Murti1 aSeason /cTendi Krishna Murti acet. 1 a56 hlm :bilus ;c17.5 x 25 cm a9786028551595 a551.6 a551.6 TEN s aJakarta :bBuana Cipta Pustaka,c2009 4aCuaca a025.00647 a025.00648 a025.00649